[Event "Bad Woerishofen op"]
[Site "?"]
[Date "2007.03.13"]
[Round "6"]
[White "Kuempers, Ulrich"]
[Black "Gypser, Andreas"]
[Result "0-1"]
[WhiteElo "2108"]
[BlackElo "2246"]
[PlyCount "76"]
[EventDate "2007.??.??"]

1. d4 d5 2. c4 e6 3. Nc3 Nf6 4. Bg5 Be7 5. e3 h6 6. Bh4 O-O 7. Nf3 b6 8. cxd5
Nxd5 9. Nxd5 exd5 10. Bxe7 Qxe7 11. Rc1 Be6 12. Bd3 c5 13. dxc5 bxc5 14. O-O
Rc8 15. h3 Qb7 16. Qe2 a5 17. Rfd1 Nd7 18. Rd2 Rcb8 19. Bb1 Ra6 20. Qd3 g6 21.
Qc3 Qb4 22. Qd3 Rab6 23. Qe2 a4 24. e4 d4 25. e5 Bd5 26. Ne1 Nxe5 27. Rdc2 Re6
28. Qd1 d3 29. Rc3 c4 30. b3 cxb3 31. Nxd3 Nxd3 32. Bxd3 bxa2 33. Qc2 Bb3 34.
Qd2 Qe7 35. Qxh6 Re1+ 36. Bf1 a1=Q 37. Rc8+ Rxc8 38. Rxc8+ Qe8 0-1

[Event "Bad Woerishofen op"]
[Site "?"]
[Date "2007.03.13"]
[Round "6"]
[White "Opitz, Christian"]
[Black "Schulz, Michael"]
[Result "0-1"]
[WhiteElo "2105"]
[BlackElo "2235"]
[PlyCount "44"]
[EventDate "2007.??.??"]

1. e4 e6 2. d4 d5 3. e5 c5 4. Qg4 cxd4 5. Bd3 Nc6 6. Nf3 Qc7 7. Qg3 Bd7 8. a3
Nge7 9. O-O Rc8 10. Re1 g6 11. Bf4 a5 12. Nbd2 a4 13. h4 h5 14. Ng5 Nf5 15.
Bxf5 gxf5 16. Nh7 Rxh7 17. Qg8 Rg7 18. Qh8 Ne7 19. Qxh5 Ng6 20. Bg5 Qxc2 21.
Nf3 Rc4 22. Bf6 Nf4 0-1

[Event "Bad Woerishofen op"]
[Site "?"]
[Date "2007.03.13"]
[Round "6"]
[White "Mader, Sascha"]
[Black "Waldschmidt, Georg"]
[Result "0-1"]
[WhiteElo "2060"]
[BlackElo "2210"]
[PlyCount "60"]
[EventDate "2007.??.??"]

1. c4 e6 2. g3 c5 3. Nc3 d5 4. cxd5 exd5 5. Bg2 Nf6 6. d3 d4 7. Nb1 Be7 8. Nf3
O-O 9. O-O Nc6 10. Nbd2 Be6 11. Re1 Rc8 12. Ng5 Bd5 13. Bh3 Nd7 14. Ngf3 f5 15.
e4 dxe3 16. fxe3 Nb4 17. e4 Bf7 18. Nc4 fxe4 19. Rxe4 Nf6 20. Nfe5 Bh5 21. Qb3
Nxe4 22. dxe4 b5 23. Bxc8 bxc4 24. Qxc4+ Kh8 25. g4 Qd1+ 26. Kg2 Bd6 27. Bf4
Qxa1 28. gxh5 Qxb2+ 29. Kg3 Bxe5 30. Qxc5 Bxf4+ 0-1

[Event "Bad Woerishofen op"]
[Site "?"]
[Date "2007.03.13"]
[Round "6"]
[White "Wolfram, Gisbert"]
[Black "Will, Matthias"]
[Result "0-1"]
[WhiteElo "1801"]
[BlackElo "2023"]
[PlyCount "46"]
[EventDate "2007.??.??"]

1. Nf3 f5 2. g3 Nf6 3. Bg2 g6 4. O-O Bg7 5. d4 O-O 6. Bf4 d6 7. c4 c6 8. Nc3
Na6 9. Qb3 Kh8 10. Rfd1 Qe8 11. Rac1 Nh5 12. a3 h6 13. Bd2 e5 14. dxe5 dxe5 15.
e4 Nc5 16. Qc2 f4 17. Rf1 g5 18. Ne1 g4 19. gxf4 Nxf4 20. Bxf4 exf4 21. f3 Bd4+
22. Kh1 g3 23. Qd2 Nb3 0-1

[Event "Bad Woerishofen op"]
[Site "?"]
[Date "2007.03.13"]
[Round "6"]
[White "Goris, Ton"]
[Black "Tennstedt, Andreas"]
[Result "0-1"]
[WhiteElo "2073"]
[BlackElo "2205"]
[PlyCount "52"]
[EventDate "2007.??.??"]

1. e4 c5 2. Nf3 g6 3. c3 Bg7 4. d4 cxd4 5. cxd4 d5 6. e5 Bg4 7. Be2 Nc6 8. Nc3
Nh6 9. h3 Bxf3 10. Bxf3 Nf5 11. Be3 e6 12. O-O O-O 13. Bg4 Nxe3 14. fxe3 Qg5
15. Qe2 h5 16. Bf3 Rfd8 17. Rfe1 Bf8 18. a3 a6 19. Rad1 Rac8 20. e4 Nxd4 21.
Rxd4 Bc5 22. Qd3 dxe4 23. Nxe4 Qxe5 24. Nxc5 Qxe1+ 25. Kh2 Qe5+ 26. g3 Qxd4 0-1

[Event "Bad Woerishofen op"]
[Site "?"]
[Date "2007.03.13"]
[Round "6"]
[White "Guggenberger, Guido"]
[Black "Redemann, Dietmar"]
[Result "1-0"]
[WhiteElo "2042"]
[BlackElo "1929"]
[PlyCount "81"]
[EventDate "2007.??.??"]

1. d4 Nf6 2. Nf3 g6 3. Nbd2 Bg7 4. e4 d6 5. Bd3 c6 6. O-O Qc7 7. Re1 e5 8. c3
O-O 9. a4 h6 10. b3 Bg4 11. h3 Bxf3 12. Nxf3 Re8 13. dxe5 dxe5 14. Ba3 Bf8 15.
Bb2 Nbd7 16. b4 c5 17. Qb3 Rad8 18. Bc4 Nb6 19. Bb5 c4 20. Qa2 Re7 21. a5 Nc8
22. Bxc4 Red7 23. Bb5 Re7 24. Ba4 Nd6 25. Nd2 Nh5 26. g3 b5 27. Bb3 Kh7 28. c4
Nxc4 29. Nxc4 bxc4 30. Bxc4 Rd2 31. Rac1 Qd6 32. Qb3 Qf6 33. Rf1 Rb7 34. Bc3
Rd8 35. Bd5 Rbb8 36. Qb2 Qg5 37. Kh2 Nf6 38. f4 Qh5 39. fxe5 Ng4+ 40. Kg1 Nxe5
41. Bxe5 1-0

[Event "Bad Woerishofen sen"]
[Site "?"]
[Date "2007.03.13"]
[Round "6"]
[White "Zunker, Dr. Reinhard"]
[Black "Ljubarskij, Jurij"]
[Result "1/2-1/2"]
[WhiteElo "2242"]
[BlackElo "2292"]
[PlyCount "77"]
[EventDate "2007.??.??"]

1. e4 e5 2. Nf3 Nc6 3. Bb5 a6 4. Ba4 Nf6 5. O-O Be7 6. Re1 b5 7. Bb3 O-O 8. c3
d6 9. h3 Na5 10. Bc2 c5 11. d4 Qc7 12. Nbd2 Re8 13. Nf1 h6 14. Ng3 Bf8 15. b3
Bd7 16. d5 Nb7 17. Nh2 a5 18. a3 g6 19. Ng4 Nxg4 20. hxg4 Bg7 21. f3 c4 22. b4
axb4 23. cxb4 Nd8 24. Kf2 f6 25. Be3 Nf7 26. Qd2 Rf8 27. Ke2 Qc8 28. Kd1 Ng5
29. Kc1 Qd8 30. Ra2 Qe7 31. Kb1 Ra6 32. Qd1 Rfa8 33. Bc1 Qd8 34. Qe2 Qc8 35.
Qe3 Bf8 36. Qc3 Be7 37. Bd1 Nf7 38. Rh1 Bf8 39. Re2 1/2-1/2

[Event "Bad Woerishofen sen"]
[Site "?"]
[Date "2007.03.13"]
[Round "6"]
[White "Schmid, Hermann"]
[Black "Goy, Udo"]
[Result "1/2-1/2"]
[WhiteElo "2170"]
[BlackElo "2217"]
[PlyCount "150"]
[EventDate "2007.??.??"]

1. d4 Nf6 2. Nf3 c5 3. e3 e6 4. Bd3 Nc6 5. c3 d6 6. Nbd2 Be7 7. O-O O-O 8. Qe2
e5 9. h3 Re8 10. dxe5 dxe5 11. Rd1 Qc7 12. e4 h6 13. Nf1 Be6 14. Ng3 a6 15. Bc4
Bxc4 16. Qxc4 b5 17. Qe2 c4 18. Be3 Bf8 19. Rd2 Rad8 20. Rad1 g6 21. Rxd8 Nxd8
22. Nh2 Ne6 23. Ng4 Nxg4 24. Qxg4 Rd8 25. Rxd8 Qxd8 26. Qe2 h5 27. Nf1 Be7 28.
a4 Qa8 29. Nd2 Qc6 30. axb5 axb5 31. Qd1 Kg7 32. Qc2 Bc5 33. Nf1 Qd6 34. f3 Nf4
35. Qf2 Bxe3 36. Qxe3 Nd3 37. Qd2 Qa6 38. b4 Qa1 39. g4 hxg4 40. hxg4 Nf4 41.
Kf2 Qa7+ 42. Ne3 Nd3+ 43. Kg2 Qe7 44. Kg3 Qa7 45. Nf5+ Kf6 46. Qe3 Qxe3 47.
Nxe3 Nc1 48. Kh4 Ne2 49. Nd5+ Kg7 50. g5 Kf8 51. Kh3 Ke8 52. Nc7+ Ke7 53. Nxb5
Nf4+ 54. Kg3 Kd7 55. Kf2 Nh3+ 56. Ke3 Nxg5 57. Na3 f6 58. Nxc4 Kc6 59. Na3 Nh3
60. c4 Ng5 61. Nb1 Ne6 62. Nc3 Nd4 63. Nd5 f5 64. exf5 Nxf5+ 65. Ke4 Nd6+ 66.
Kd3 Nf5 67. Nc3 Kd6 68. b5 Kc5 69. Na4+ Kb4 70. Nb2 Nd6 71. b6 g5 72. b7 Nxb7
73. Ke4 Kc3 74. Nd1+ Kxc4 75. Kxe5 Kd3 1/2-1/2

[Event "Bad Woerishofen sen"]
[Site "?"]
[Date "2007.03.13"]
[Round "6"]
[White "Bierwisch, Bernhard"]
[Black "Krebs, Dietmar"]
[Result "1/2-1/2"]
[WhiteElo "2242"]
[BlackElo "2072"]
[PlyCount "79"]
[EventDate "2007.??.??"]

1. e4 c5 2. Nc3 Nc6 3. g3 g6 4. Bg2 Bg7 5. d3 e6 6. Be3 Nd4 7. Nce2 d6 8. c3
Nxe2 9. Nxe2 Ne7 10. O-O O-O 11. Qd2 Rb8 12. d4 cxd4 13. cxd4 d5 14. Bf4 Ra8
15. Rac1 Nc6 16. e5 f6 17. exf6 Bxf6 18. Bh6 Bg7 19. Bxg7 Kxg7 20. f4 Bd7 21.
Rf3 Rc8 22. Rfc3 Ne7 23. Bh3 Rxc3 24. Rxc3 Nc6 25. Bf1 Qf6 26. b4 a6 27. a4 Rc8
28. b5 axb5 29. axb5 Ne7 30. Nc1 Qf8 31. Nd3 Rxc3 32. Qxc3 Qc8 33. Qb4 Kf6 34.
g4 Qc7 35. Ne5 Be8 36. Qe1 Kg7 37. Qb4 b6 38. Qa3 Nc8 39. Qh3 Nd6 40. g5
1/2-1/2

[Event "Bad Woerishofen sen"]
[Site "?"]
[Date "2007.03.13"]
[Round "6"]
[White "Ziltener, Werner"]
[Black "Packroff, Hermann"]
[Result "1/2-1/2"]
[WhiteElo "2075"]
[BlackElo "2208"]
[PlyCount "32"]
[EventDate "2007.??.??"]

1. d4 Nf6 2. Nf3 g6 3. Bg5 Ne4 4. Bf4 Bg7 5. e3 O-O 6. Bd3 d5 7. Bxe4 dxe4 8.
Nfd2 f5 9. c3 Nc6 10. Qb3+ Kh8 11. Nc4 b6 12. Nba3 Be6 13. Qb5 Bd7 14. Qb3 Be6
15. Qb5 Bd7 16. Qb3 Be6 1/2-1/2

[Event "Bad Woerishofen sen"]
[Site "?"]
[Date "2007.03.13"]
[Round "6"]
[White "Kripp, Wolfgang"]
[Black "Baum, Dr. Bernd"]
[Result "1/2-1/2"]
[WhiteElo "2162"]
[BlackElo "2179"]
[PlyCount "146"]
[EventDate "2007.??.??"]

1. e4 c5 2. c3 e6 3. d4 d5 4. exd5 exd5 5. Nf3 Nc6 6. Be3 Qb6 7. Qd2 c4 8. Bf4
Nf6 9. Be2 Be7 10. O-O O-O 11. Qc1 Bf5 12. Nbd2 Rac8 13. Nh4 Be6 14. Nhf3 Rfe8
15. Re1 Bf8 16. Nf1 Ne7 17. Ne5 Nf5 18. Qd2 Bd6 19. Bf3 Nh4 20. Bd1 Ne4 21. Qc1
Bf5 22. Ba4 Re7 23. Bg3 Nxg3 24. hxg3 Bxe5 25. gxh4 Bf6 26. Rxe7 Bxe7 27. g3
Qg6 28. Qf4 Bd6 29. Qg5 Qe6 30. Qe3 Rd8 31. Re1 Qxe3 32. Nxe3 Be6 33. f4 g6 34.
Kf2 a6 35. Bc2 b5 36. Kf3 h5 37. f5 gxf5 38. Bxf5 b4 39. g4 hxg4+ 40. Kxg4 Rb8
41. Nd1 bxc3 42. bxc3 Re8 43. Bxe6 fxe6 44. Ne3 Kf7 45. Rf1+ Ke7 46. Kh3 Ba3
47. Ng4 Rf8 48. Rxf8 Kxf8 49. Ne3 Bc1 50. Nd1 Kg7 51. Kg4 Kg6 52. Nf2 Bd2 53.
Nd1 Kh6 54. Kf3 Kh5 55. Kg3 Kg6 56. Kf3 Kf6 57. Ke2 Bh6 58. Nb2 Bf4 59. Na4 Kf5
60. Nc5 a5 61. a4 e5 62. dxe5 Bxe5 63. Kd2 Bg3 64. Nb7 Bc7 65. Ke3 Bb6+ 66. Kf3
Ke6 67. Kf4 d4 68. cxd4 Kd5 69. Ke3 Bxd4+ 70. Kd2 Bb6 71. Kc3 Bd4+ 72. Kc2 Bb6
73. Kc3 Bf2 1/2-1/2

[Event "Bad Woerishofen sen"]
[Site "?"]
[Date "2007.03.13"]
[Round "6"]
[White "Teichmeister, Dr.Sven"]
[Black "Straub, Peter"]
[Result "0-1"]
[WhiteElo "2128"]
[BlackElo "2096"]
[PlyCount "92"]
[EventDate "2007.??.??"]

1. e4 Nf6 2. e5 Nd5 3. d4 d6 4. c4 Nb6 5. exd6 cxd6 6. Nf3 g6 7. Be3 Bg7 8. Be2
O-O 9. O-O Nc6 10. Nc3 Bg4 11. b3 d5 12. c5 Nc8 13. Rc1 e6 14. h3 Bxf3 15. Bxf3
Qh4 16. Ne2 N8e7 17. Qd2 h6 18. Kh2 Nf5 19. Rcd1 Rad8 20. g4 Nfe7 21. b4 e5 22.
b5 exd4 23. bxc6 dxe3 24. Qxe3 bxc6 25. Nd4 Rfe8 26. Rfe1 Qf6 27. Kg2 Kf8 28.
Qa3 Qf4 29. Qa4 Bxd4 30. Rxd4 Qc7 31. Rf4 Ng8 32. Rb1 Rb8 33. Rfb4 Rxb4 34.
Qxb4 Nf6 35. Qb7 Qxb7 36. Rxb7 Re7 37. Rb8+ Ne8 38. a4 Rc7 39. a5 Ke7 40. a6
Ng7 41. Rh8 Ne6 42. Rxh6 Nxc5 43. h4 Kf6 44. g5+ Kg7 45. h5 Ne6 46. hxg6 fxg6
0-1

[Event "Bad Woerishofen sen"]
[Site "?"]
[Date "2007.03.13"]
[Round "6"]
[White "Hein, Manfred"]
[Black "Schirmer, Werner"]
[Result "0-1"]
[WhiteElo "2142"]
[BlackElo "2060"]
[PlyCount "82"]
[EventDate "2007.??.??"]

1. d4 Nf6 2. Nf3 e6 3. Bg5 Be7 4. e3 b6 5. Bd3 Bb7 6. Nbd2 d5 7. O-O O-O 8. Qe2
c5 9. b3 Ne4 10. Bxe7 Qxe7 11. Rfc1 Nd7 12. c3 Rac8 13. Ba6 Ndf6 14. Nxe4 Nxe4
15. Bd3 Rc7 16. Qb2 Rfc8 17. h3 Qf6 18. Bxe4 dxe4 19. Nd2 Qh4 20. Nf1 f5 21.
dxc5 Rxc5 22. c4 Rd8 23. Rd1 Rcc8 24. Rxd8+ Rxd8 25. Qe2 Rd3 26. Rd1 Qd8 27.
Rd2 e5 28. Qd1 Qg5 29. g3 Qd8 30. Qe2 Qd6 31. Qh5 g6 32. Qd1 Qd7 33. Kh2 f4 34.
Qe2 f3 35. Qe1 h5 36. Qd1 Bc8 37. g4 hxg4 38. Rxd3 exd3 39. Ng3 Qh7 40. Kg1 Qh4
41. Kf1 d2 0-1

[Event "Bad Woerishofen sen"]
[Site "?"]
[Date "2007.03.13"]
[Round "6"]
[White "Hoennekes, Klaus"]
[Black "Klempt, Guenther"]
[Result "1-0"]
[WhiteElo "2119"]
[BlackElo "2064"]
[PlyCount "97"]
[EventDate "2007.??.??"]

1. e4 c5 2. Nc3 Nc6 3. g3 g6 4. Bg2 Bg7 5. d3 e6 6. Be3 d6 7. Qd2 Rb8 8. a4
Nge7 9. Bh6 Bxh6 10. Qxh6 Ng8 11. Qd2 Nge7 12. Nge2 O-O 13. d4 cxd4 14. Nxd4 d5
15. O-O-O dxe4 16. Nxc6 Qxd2+ 17. Rxd2 bxc6 18. Nxe4 e5 19. Nf6+ Kg7 20. Nd7
Bxd7 21. Rxd7 Nd5 22. Bxd5 cxd5 23. Rxd5 Rb4 24. b3 Rc8 25. Kb2 Re4 26. Rhd1
Re2 27. R1d2 Rxd2 28. Rxd2 Rc7 29. b4 Kf6 30. Kb3 Ke6 31. c4 f5 32. a5 g5 33.
b5 e4 34. Kb4 f4 35. b6 axb6 36. axb6 Rd7 37. Re2 Ke5 38. Kb5 Rd1 39. Rb2 e3
40. fxe3 fxe3 41. b7 Rd8 42. c5 Kd4 43. Kb6 Kc3 44. Ra2 Rd2 45. Ra1 Kd4 46. c6
Rb2+ 47. Kc7 Kc5 48. Rc1+ Kd4 49. b8=Q 1-0

[Event "Bad Woerishofen sen"]
[Site "?"]
[Date "2007.03.13"]
[Round "6"]
[White "Igney, Volkhard"]
[Black "Spurga, Josef"]
[Result "1-0"]
[WhiteElo "2255"]
[BlackElo "1999"]
[PlyCount "45"]
[EventDate "2007.??.??"]

1. d4 d5 2. c4 c6 3. Nf3 Nf6 4. Nc3 e6 5. Bg5 Be7 6. e3 Nbd7 7. Qc2 h6 8. Bh4
O-O 9. Rd1 Re8 10. Bd3 dxc4 11. Bxc4 b5 12. Bd3 Bb7 13. O-O Rc8 14. a3 a5 15.
e4 b4 16. e5 Nd5 17. Bxe7 Qxe7 18. Ne4 Rc7 19. Nd6 Rb8 20. Qa4 Ba8 21. Qxa5
Nxe5 22. Nxe5 Ra7 23. Qc5 1-0

[Event "Bad Woerishofen sen"]
[Site "?"]
[Date "2007.03.13"]
[Round "6"]
[White "Grom, Waldemar"]
[Black "Klein, Klaus"]
[Result "0-1"]
[WhiteElo "2024"]
[BlackElo "2120"]
[PlyCount "101"]
[EventDate "2007.??.??"]

1. c4 c6 2. Nc3 d5 3. cxd5 cxd5 4. d4 Nf6 5. Nf3 Nc6 6. a3 Bf5 7. e3 e6 8. Be2
Bd6 9. O-O O-O 10. b4 Rc8 11. Bb2 Qe7 12. Rc1 a5 13. b5 Nb8 14. Qb3 b6 15. Na4
Qb7 16. Bd3 Bxd3 17. Qxd3 Ne4 18. Ne5 f6 19. Nf3 Nd7 20. h3 Rxc1 21. Rxc1 Rc8
22. Rc2 Rxc2 23. Qxc2 Qc7 24. Qc6 Qxc6 25. bxc6 Nb8 26. Nxb6 Nxc6 27. Kf1 Na7
28. Ke2 Nb5 29. a4 Na7 30. Ne1 f5 31. f3 Nf6 32. Nd3 Bc7 33. Na8 Bd6 34. Bc3
Nc6 35. Nc5 Bxc5 36. dxc5 Nd7 37. Nc7 Nxc5 38. Ba1 Kf7 39. Nb5 Nxa4 40. Nd6+
Ke7 41. Nb5 g6 42. Kd2 Nb6 43. Kc3 Nc4 44. Kd3 Nb4+ 45. Ke2 Nxe3 46. Kxe3 Nc2+
47. Kd2 Nxa1 48. Kc3 a4 49. f4 Nb3 50. h4 Nc5 51. Kb4 0-1

[Event "Bad Woerishofen sen"]
[Site "?"]
[Date "2007.03.13"]
[Round "6"]
[White "Weber, Dr. Gerhard"]
[Black "Weigel, Herbert"]
[Result "0-1"]
[WhiteElo "1952"]
[BlackElo "2130"]
[PlyCount "68"]
[EventDate "2007.??.??"]

1. e4 c5 2. Nf3 d6 3. d4 cxd4 4. Nxd4 Nf6 5. Bd3 g6 6. c4 Bg7 7. Nc3 O-O 8. O-O
Nc6 9. Nde2 Bd7 10. h3 Ne5 11. Be3 Bc6 12. Rc1 h6 13. f4 Ned7 14. Nd4 e5 15.
Nxc6 bxc6 16. Be2 Qe7 17. f5 Nb6 18. Qd2 Kh7 19. Qc2 Rfd8 20. b4 d5 21. fxg6+
fxg6 22. cxd5 cxd5 23. Bc5 Qe6 24. exd5 Nfxd5 25. Nxd5 Nxd5 26. Bc4 Qc6 27.
Bxd5 Rxd5 28. Rcd1 a5 29. a3 axb4 30. axb4 e4 31. Rxd5 Qxd5 32. Re1 e3 33. Qd1
Qb7 34. Rxe3 Ra1 0-1

[Event "Bad Woerishofen sen"]
[Site "?"]
[Date "2007.03.13"]
[Round "6"]
[White "Mantzouneas, Nikolaos"]
[Black "Schratzenstaller, A."]
[Result "1-0"]
[WhiteElo "2020"]
[BlackElo "1952"]
[PlyCount "121"]
[EventDate "2007.??.??"]

1. d4 g6 2. c4 d6 3. e4 Bg7 4. Be2 Nc6 5. Nf3 Bg4 6. Be3 e5 7. d5 Bxf3 8. Bxf3
Nd4 9. Nd2 Ne7 10. b4 b6 11. b5 O-O 12. Nb3 Nxf3+ 13. Qxf3 f5 14. g4 fxe4 15.
Qxe4 Rf7 16. Ke2 Qf8 17. Nd2 Bh6 18. Raf1 Bxe3 19. fxe3 a5 20. Qg2 Kh8 21. Ne4
h6 22. Qh3 Ng8 23. Ng5 Rf6 24. Ne6 Qf7 25. Rxf6 Qxf6 26. Rf1 Qe7 27. g5 Qh7 28.
Nf8 Qg7 29. gxh6 Qxh6 30. Nxg6+ Kg7 31. Qxh6+ Nxh6 32. Nh4 Re8 33. Rg1+ Kh7 34.
Rg5 Rf8 35. h3 Rf6 36. Nf3 Nf7 37. Rg3 Rf5 38. Kd3 Kh6 39. Ke4 Rf6 40. Rg8 Rg6
41. Rf8 Rg7 42. Kf5 Ng5 43. Nxg5 Rxg5+ 44. Ke6 Rg3 45. Rf7 Rxe3 46. Rxc7 Rc3
47. Kxd6 e4 48. Ke5 e3 49. Kd4 e2 50. Re7 Rc2 51. Kd3 Rxa2 52. Rxe2 Ra3+ 53.
Kd4 Rxh3 54. Re6+ Kg7 55. Rxb6 a4 56. Ra6 a3 57. b6 Kf7 58. Kc5 Ke7 59. Ra7+
Kd8 60. Kc6 Rh6+ 61. d6 1-0

[Event "Bad Woerishofen sen"]
[Site "?"]
[Date "2007.03.13"]
[Round "6"]
[White "Will, Michael"]
[Black "Schulte-Braeucker, H."]
[Result "0-1"]
[WhiteElo "1999"]
[BlackElo "2080"]
[PlyCount "48"]
[EventDate "2007.??.??"]

1. d4 Nf6 2. f4 g6 3. Nf3 Bg7 4. e3 c5 5. c3 b6 6. Bd3 Bb7 7. O-O O-O 8. Re1
Qc7 9. Qe2 Nc6 10. Nbd2 cxd4 11. cxd4 Nb4 12. Bb1 Ba6 13. Qf2 Rac8 14. a3 Nc2
15. Bxc2 Qxc2 16. Nb1 Qxc1 17. Rxc1 Rxc1+ 18. Ne1 Ne4 19. Nd2 Nxf2 20. Rxc1 Nd3
21. Nxd3 Bxd3 22. Rc7 a5 23. Nf3 Rd8 24. e4 Bxe4 0-1

[Event "Bad Woerishofen sen"]
[Site "?"]
[Date "2007.03.13"]
[Round "6"]
[White "Josting, Friedel"]
[Black "Barlo, Werner"]
[Result "1-0"]
[WhiteElo "2015"]
[BlackElo "1878"]
[PlyCount "67"]
[EventDate "2007.??.??"]

1. c4 Nf6 2. Nc3 e6 3. d4 d5 4. Nf3 Bb4 5. e3 O-O 6. Bd3 Nbd7 7. O-O dxc4 8.
Bxc4 Nb6 9. Bd3 c6 10. a3 Bxc3 11. bxc3 Nbd5 12. Qc2 h6 13. Rb1 Qc7 14. a4 b6
15. g3 a5 16. e4 Ne7 17. Qe2 Ng6 18. Bd2 e5 19. dxe5 Nxe5 20. Nxe5 Qxe5 21. f4
Qc7 22. f5 Qe5 23. g4 Re8 24. Rbe1 Qc5+ 25. Kg2 Nd5 26. Qf3 Nf6 27. h4 Ba6 28.
Bxa6 Rxa6 29. g5 hxg5 30. hxg5 Nd7 31. Rh1 Kf8 32. f6 gxf6 33. gxf6 Nxf6 34.
Qxf6 1-0

[Event "Bad Woerishofen sen"]
[Site "?"]
[Date "2007.03.13"]
[Round "6"]
[White "Alefs, Heinz"]
[Black "Bakalarczyk, W."]
[Result "0-1"]
[WhiteElo "1899"]
[BlackElo "1937"]
[PlyCount "65"]
[EventDate "2007.??.??"]

1. d4 Nf6 2. Nf3 g6 3. e3 Bg7 4. Bd3 O-O 5. O-O d5 6. Nbd2 b6 7. e4 dxe4 8.
Nxe4 Bb7 9. Nxf6+ Bxf6 10. c3 Bg7 11. Re1 Nd7 12. Ng5 Nf6 13. f3 e6 14. Qc2 Qd7
15. Bd2 Rfe8 16. Re2 a5 17. Rae1 Rad8 18. Be3 Nd5 19. Bc1 Nb4 20. Qb1 Nxd3 21.
Qxd3 c5 22. Rd1 Qc8 23. Be3 Ba6 24. c4 cxd4 25. Red2 dxe3 26. Qxd8 exd2 27.
Qxd2 Bxc4 28. b3 Bd5 29. Rc1 Qd8 30. Qf4 Qf6 31. Qe3 Qe5 32. Qxe5 Bxe5 33. Kf1
0-1

[Event "Bad Woerishofen sen"]
[Site "?"]
[Date "2007.03.13"]
[Round "6"]
[White "Dallmeier, Gerhard"]
[Black "Miller, Martin"]
[Result "0-1"]
[WhiteElo "1805"]
[BlackElo "1911"]
[PlyCount "62"]
[EventDate "2007.??.??"]

1. e4 c5 2. Nf3 e6 3. d4 cxd4 4. Nxd4 a6 5. Bd3 Nf6 6. O-O Qc7 7. Kh1 b5 8. f4
Bb7 9. Qe2 Be7 10. Nd2 O-O 11. N2f3 Nc6 12. Nxc6 dxc6 13. Bd2 c5 14. e5 c4 15.
exf6 cxd3 16. Qxd3 Bxf6 17. c3 Rfd8 18. Qe3 Rd5 19. Rae1 Rad8 20. Bc1 Rd3 21.
Qe2 Qc4 22. a3 h6 23. Ne5 Bxe5 24. fxe5 Qc6 25. Qg4 Kf8 26. Bxh6 gxh6 27. Rxf7+
Kxf7 28. Rf1+ Ke8 29. Qg7 Qxg2+ 30. Qxg2 Bxg2+ 31. Kxg2 Rd2+ 0-1

[Event "Bad Woerishofen sen"]
[Site "?"]
[Date "2007.03.13"]
[Round "6"]
[White "Ganslmayer, Herbert"]
[Black "Thonig, Manfred"]
[Result "1-0"]
[WhiteElo "2041"]
[BlackElo "1739"]
[PlyCount "81"]
[EventDate "2007.??.??"]

1. d4 f5 2. h3 e6 3. g4 Nf6 4. Qd3 Ne4 5. Nf3 d5 6. Bf4 Nd7 7. Nbd2 c5 8. Ne5
c4 9. Qf3 Nxd2 10. Bxd2 Nxe5 11. dxe5 Qb6 12. gxf5 exf5 13. Qxd5 Be6 14. Qa5
Qc6 15. Rg1 Bd5 16. Qc3 a5 17. Qg3 b6 18. a3 g6 19. Bg2 Bg7 20. f4 b5 21. Bxd5
Qxd5 22. O-O-O Qe4 23. e3 O-O 24. Bc3 b4 25. Rd4 Qb7 26. Be1 bxa3 27. bxa3 Rab8
28. Bxa5 Qb2+ 29. Kd2 Qxa3 30. Bc3 Qc5 31. Qg2 Rfd8 32. Ra1 Rxd4+ 33. exd4 Qc8
34. Qd5+ Kh8 35. Ra7 Bh6 36. Ke3 g5 37. e6 gxf4+ 38. Kf2 Qf8 39. Qe5+ Kg8 40.
d5 Qc5+ 41. Bd4 1-0

[Event "Bad Woerishofen op"]
[Site "?"]
[Date "2007.03.14"]
[Round "7"]
[White "Bromberger, Stefan"]
[Black "Bu, Xiangzhi"]
[Result "0-1"]
[WhiteElo "2495"]
[BlackElo "2644"]
[PlyCount "216"]
[EventDate "2007.??.??"]

1. e4 c5 2. Nf3 d6 3. d4 cxd4 4. Nxd4 Nf6 5. Nc3 g6 6. Be3 Bg7 7. f3 Nc6 8. Qd2
O-O 9. O-O-O d5 10. exd5 Nxd5 11. Nxc6 bxc6 12. Bd4 Bxd4 13. Qxd4 Qb6 14. Nxd5
cxd5 15. Qxd5 Be6 16. Qd4 Qa5 17. Bc4 Rfd8 18. Qe4 Bxc4 19. Qxc4 Qg5+ 20. Kb1
Qxg2 21. Qe4 e6 22. h4 Rd5 23. Rhe1 Rad8 24. Kc1 Qf2 25. Rxd5 exd5 26. Re2 Qg1+
27. Re1 dxe4 28. Rxg1 exf3 29. Rf1 Rd4 30. h5 f5 31. hxg6 hxg6 32. Rxf3 Kf7 33.
Rd3 Rxd3 34. cxd3 a5 35. Kd2 Ke6 36. Ke3 Kd5 37. b3 g5 38. a3 f4+ 39. Kf3 Kd4
40. b4 a4 41. Kf2 g4 42. Ke2 Kd5 43. Kf2 g3+ 44. Kg2 Kd4 45. Kf3 Kxd3 46. b5 g2
47. Kxg2 Ke2 48. b6 f3+ 49. Kh2 f2 50. b7 f1=Q 51. b8=Q Qf2+ 52. Kh3 Qf5+ 53.
Kh4 Qf6+ 54. Kg4 Qf3+ 55. Kg5 Qxa3 56. Qh2+ Kd1 57. Qh1+ Kc2 58. Qe4+ Kb2 59.
Qe2+ Kb1 60. Qe4+ Ka1 61. Qd4+ Ka2 62. Qd5+ Qb3 63. Qd2+ Kb1 64. Qe1+ Kb2 65.
Qd2+ Qc2 66. Qd4+ Kb1 67. Qb4+ Ka2 68. Kh5 a3 69. Qb5 Qh2+ 70. Kg4 Qb2 71. Qd5+
Qb3 72. Qd2+ Kb1 73. Qe1+ Kc2 74. Qf2+ Kc1 75. Qf4+ Kb1 76. Qf1+ Kb2 77. Qf2+
Kc3 78. Qe3+ Kc4 79. Qe6+ Kb4 80. Qb6+ Kc3 81. Qe3+ Kc2 82. Qf2+ Kc1 83. Qf4+
Kb1 84. Qf1+ Kb2 85. Qf2+ Qc2 86. Qb6+ Ka1 87. Qf6+ Kb1 88. Qf1+ Kb2 89. Qb5+
Kc1 90. Qg5+ Qd2 91. Qc5+ Kb2 92. Qb6+ Kc2 93. Qc6+ Qc3 94. Qa4+ Kd2 95. Qf4+
Qe3 96. Qd6+ Ke2 97. Qa6+ Qd3 98. Qe6+ Kd2 99. Qa2+ Ke3 100. Kg5 Qb5+ 101. Kh4
Qa4+ 102. Kh5 Qe8+ 103. Kh4 Qe4+ 104. Kh5 Qf3+ 105. Kg5 Kd4 106. Qa1+ Kc5 107.
Qc1+ Kd6 108. Qd2+ Qd5+ 0-1

[Event "Bad Woerishofen op"]
[Site "?"]
[Date "2007.03.14"]
[Round "7"]
[White "Galdunts, Sergey"]
[Black "Mainka, Romuald"]
[Result "0-1"]
[WhiteElo "2502"]
[BlackElo "2492"]
[PlyCount "122"]
[EventDate "2007.??.??"]

1. e4 c5 2. Nf3 d6 3. d4 cxd4 4. Nxd4 Nf6 5. Nc3 a6 6. Be3 e5 7. Nf3 Be7 8. Bc4
O-O 9. O-O Nc6 10. Qe2 Be6 11. Rfd1 Rc8 12. Bb3 Qc7 13. Na4 b5 14. Nb6 Rb8 15.
Nd5 Bxd5 16. Bxd5 Nb4 17. c3 Nbxd5 18. exd5 Qc4 19. Qf1 Rfc8 20. h3 h6 21. Nh2
a5 22. Qd3 Rb7 23. Nf1 Qxd3 24. Rxd3 b4 25. cxb4 Rxb4 26. b3 Rb5 27. Rad1 a4
28. bxa4 Ra5 29. a3 Rxa4 30. Rc1 Rxc1 31. Bxc1 Re4 32. Rd1 Re2 33. Ne3 Ra2 34.
Rd2 Ra1 35. Rc2 Ne4 36. Kf1 Bg5 37. Ke2 Nc5 38. Bb2 Ra2 39. Nc4 e4 40. Kd1 Nd3
41. Bd4 Rxc2 42. Kxc2 Ne1+ 43. Kb3 Nxg2 44. a4 Nf4 45. Nb6 Ne2 46. Be3 f5 47.
Bxg5 hxg5 48. Kc4 f4 49. Nc8 e3 50. f3 Nc1 51. Kc3 Nb3 52. Kd3 Nc5+ 53. Kc2
Nxa4 54. Nxd6 Nb2 55. Ne4 Nc4 56. Nxg5 g6 57. Kd3 Kg7 58. Ne6+ Kf6 59. Nd4 g5
60. Ke4 Nd2+ 61. Kd3 Nf1 0-1

[Event "Bad Woerishofen op"]
[Site "?"]
[Date "2007.03.14"]
[Round "7"]
[White "Karpatchev, Alexander"]
[Black "Braun, Peter"]
[Result "1/2-1/2"]
[WhiteElo "2478"]
[BlackElo "2275"]
[PlyCount "118"]
[EventDate "2007.??.??"]

1. e4 c5 2. c3 Nf6 3. e5 Nd5 4. Nf3 e6 5. d4 cxd4 6. cxd4 d6 7. Bc4 Nc6 8. Qe2
Be7 9. O-O O-O 10. Rd1 Na5 11. Bd3 Nb4 12. exd6 Qxd6 13. Be4 f5 14. Bd3 Nxd3
15. Rxd3 b6 16. b4 Nc4 17. Rc3 b5 18. a4 Bb7 19. axb5 Bxf3 20. gxf3 Nb6 21. Rc6
Qxd4 22. Bb2 Qh4 23. Nd2 Kh8 24. Kh1 Bf6 25. Bxf6 Qxf6 26. Re1 Rad8 27. Nb3 Nd5
28. Qc4 Qb2 29. Kg1 e5 30. Rc5 Nf4 31. Qc2 Qxc2 32. Rxc2 h6 33. h4 Rd3 34. Nc5
Rxf3 35. Nd7 Nd3 36. Nxf8 Nxe1 37. Rc8 Kg8 38. h5 Kf7 39. Ng6 Rb3 40. Nxe5+ Ke6
41. Nc6 Rb1 42. Rc7 Kf6 43. Rxa7 Nd3+ 44. Kg2 Nxb4 45. Ne7 Nd3 46. b6 Rb2 47.
Kf3 Ne5+ 48. Kg3 Ke6 49. Nc8 Nd7 50. Rc7 Nf6 51. b7 Ke5 52. Kg2 Ne4 53. Na7 Kd6
54. Rxg7 Rxf2+ 55. Kg1 Rb2 56. Nc8+ Ke5 57. Na7 Kd6 58. Rf7 Nc5 59. Nc8+ Ke5
1/2-1/2

[Event "Bad Woerishofen op"]
[Site "?"]
[Date "2007.03.14"]
[Round "7"]
[White "Romanishin, Oleg"]
[Black "Anistratov, Dimitrij"]
[Result "1-0"]
[WhiteElo "2572"]
[BlackElo "2368"]
[PlyCount "60"]
[EventDate "2007.??.??"]

1. d4 d6 2. g3 Nf6 3. Bg2 c6 4. Nf3 Nbd7 5. c4 e5 6. Nc3 Be7 7. O-O O-O 8. Qc2
Re8 9. Rd1 Bf8 10. dxe5 dxe5 11. Ng5 Qc7 12. Be3 h6 13. Nge4 Ng4 14. Bc1 f5 15.
Bh3 Nc5 16. Bxg4 fxg4 17. Nxc5 Bxc5 18. Ne4 Be7 19. Bxh6 gxh6 20. Nd6 Bxd6 21.
Qg6+ Qg7 22. Qxe8+ Bf8 23. Rd8 Qf7 24. Rad1 Kg7 25. Qxe5+ Kh7 26. Qe4+ Bf5 27.
R1d7 Bxe4 28. Rxf7+ Bg7 29. Rxa8 Kg6 30. Rxb7 c5 1-0